Dispositivos semiconductores: principios y modelos
Αποθηκεύτηκε σε:
| Κύριος συγγραφέας: | |
|---|---|
| Μορφή: | Βιβλίο |
| Γλώσσα: | Ισπανικά |
| Έκδοση: |
Buenos Aires
Alfaomega
2013
|
| Έκδοση: | 1a. ed |
| Θέματα: | |
| Ετικέτες: |
Προσθήκη ετικέτας
Δεν υπάρχουν, Καταχωρήστε ετικέτα πρώτοι!
|
MARC
| LEADER | 00000cam a2200000 a 4500 | ||
|---|---|---|---|
| 001 | UCD6315 | ||
| 003 | CL-VaPUC | ||
| 008 | 161201e20130000ag |||||||||||||||||spa|d | ||
| 020 | |a 9789871609406 | ||
| 082 | 0 | 4 | |a 621.38152 |b JUL |2 21 |
| 100 | |a Julián, Pedro |e author |9 590110 | ||
| 245 | 1 | 0 | |a Dispositivos semiconductores: principios y modelos |
| 250 | |a 1a. ed | ||
| 300 | |a 284 p | ||
| 942 | |c BK | ||
| 945 | |d 20161201 17:35:00 |a dcastane | ||
| 260 | |a Buenos Aires |b Alfaomega |c 2013 | ||
| 650 | 0 | |a Semiconductores |9 260250 | |
| 650 | 0 | |a Conductores eléctricos |9 263132 | |
| 650 | 7 | |a DISPOSITIVOS SEMICONDUCTORES |2 CL-VaPUC |9 361201 | |
| 583 | |a last modification |c 20161201 17:35:00 |k Rodrigo Vera | ||
| 999 | |c 366670 |d 366668 | ||
| 952 | |0 0 |1 0 |2 ddc |3 erb |4 0 |6 621_381520000000000_JUL_2013 |7 0 |8 A |9 481126 |a BIBING |b BIBING |c RES |i 5353696 |o 621.38152 JUL 2013 |p 5353696 |r 2025-01-20 |w 2019-11-24 |y BK |z Catalogado en:20161201 |k EIE | ||
| 952 | |0 0 |1 0 |2 ddc |3 erb |4 0 |6 621_381520000000000_JUL_2013 |7 0 |8 A |9 481127 |a BIBING |b BIBING |c RES |i 5353688 |o 621.38152 JUL 2013 |p 5353688 |r 2025-01-20 |w 2019-11-24 |y BK |z Catalogado en:20161201 |k EIE | ||
| 952 | |0 0 |1 0 |2 ddc |3 erb |4 0 |6 621_381520000000000_JUL_2013 |7 0 |8 A |9 481128 |a BIBING |b BIBING |c RES |i 535367K |o 621.38152 JUL 2013 |p 535367K |r 2025-01-20 |w 2019-11-24 |y BK |z Catalogado en:20161201 |k EIE | ||
| 952 | |0 0 |1 0 |2 ddc |3 erb |4 0 |6 621_381520000000000_JUL_2013 |7 0 |8 A |9 481129 |a BIBING |b BIBING |c RES |i 5353661 |o 621.38152 JUL 2013 |p 5353661 |r 2025-01-20 |w 2019-11-24 |y BK |z Catalogado en:20161201 |k EIE | ||
| 952 | |0 0 |1 0 |2 ddc |3 erb |4 0 |6 621_381520000000000_JUL_2013 |7 0 |8 A |9 481130 |a BIBING |b BIBING |c RES |i 5353653 |l 1 |o 621.38152 JUL 2013 |p 5353653 |r 2025-01-20 |s 2020-07-28 |w 2019-11-24 |y BK |z Catalogado en:20161201 |k EIE | ||
| 952 | |0 0 |1 0 |2 ddc |3 erb |4 0 |6 621_381520000000000_JUL_2013 |7 0 |8 A |9 481131 |a BIBING |b BIBING |c RES |i 5353645 |o 621.38152 JUL 2013 |p 5353645 |r 2025-01-20 |w 2019-11-24 |y BK |z Catalogado en:20161201 |k EIE | ||
| 952 | |0 0 |1 0 |2 ddc |3 erb |4 0 |6 621_381520000000000_JUL_2013 |7 0 |8 A |9 481132 |a BIBING |b BIBING |c RES |i 5353637 |o 621.38152 JUL 2013 |p 5353637 |r 2025-01-20 |w 2019-11-24 |y BK |z Catalogado en:20161201 |k EIE | ||
| 952 | |0 0 |1 0 |2 ddc |3 erb |4 0 |6 621_381520000000000_JUL_2013 |7 0 |8 A |9 481133 |a BIBING |b BIBING |c RES |i 5353629 |o 621.38152 JUL 2013 |p 5353629 |r 2025-01-20 |w 2019-11-24 |y BK |z Catalogado en:20161201 |k EIE | ||
| 952 | |0 0 |1 0 |2 ddc |3 erb |4 0 |6 621_381520000000000_JUL_2013 |7 0 |8 A |9 481134 |a BIBING |b BIBING |c RES |i 5353610 |o 621.38152 JUL 2013 |p 5353610 |r 2025-01-20 |w 2019-11-24 |y BK |z Catalogado en:20161201 |k EIE | ||
| 952 | |0 0 |1 0 |2 ddc |3 erb |4 0 |6 621_381520000000000_JUL_2013 |7 0 |8 A |9 481135 |a BIBING |b BIBING |c RES |i 5353602 |o 621.38152 JUL 2013 |p 5353602 |r 2025-01-20 |w 2019-11-24 |y BK |z Catalogado en:20161201 |k EIE | ||